Basic concepts in ethics / (Record no. 491101)
[ view plain ]
| 000 -LEADER | |
|---|---|
| fixed length control field | 01300nam a22002297a 4500 |
| 003 - CONTROL NUMBER IDENTIFIER | |
| control field | OSt |
| 005 - DATE AND TIME OF LATEST TRANSACTION | |
| control field | 20260223154920.0 |
| 008 - FIXED-LENGTH DATA ELEMENTS--GENERAL INFORMATION | |
| fixed length control field | 260223b |||||||| |||| 00| 0 eng d |
| 020 ## - INTERNATIONAL STANDARD BOOK NUMBER | |
| International Standard Book Number | 9789966882172 |
| 040 ## - CATALOGING SOURCE | |
| Original cataloging agency | Kenya National Library Service |
| 082 ## - DEWEY DECIMAL CLASSIFICATION NUMBER | |
| Classification number | 170 GIC |
| 100 ## - MAIN ENTRY--PERSONAL NAME | |
| Personal name | Gichure, Christine W. |
| Relator term | Author |
| 245 ## - TITLE STATEMENT | |
| Title | Basic concepts in ethics / |
| Statement of responsibility, etc. | Christine W. Gichure. |
| 300 ## - PHYSICAL DESCRIPTION | |
| Extent | 264 pages ; |
| Dimensions | 21 cm. |
| 504 ## - BIBLIOGRAPHY, ETC. NOTE | |
| Bibliography, etc. note | Includes bibliographical references and index. |
| 520 ## - SUMMARY, ETC. | |
| Summary, etc. | Ethics has become fashionable field of study. There has been a remarkable rise of interest in ethics particularly in moral developed countries over the last two decades or so. For instance, the United States alone the congress was reported as having created an ethics commission0 to fix and defend certain trends of conduct. What must one do to be happy? what kind of conduct is required to have a society where people live together in harmony? How ca you find happiness and satisfaction in your work? How does one develop sound ethical principles in business? The answer to this and other questions is the subject of discussion in this book. |
| 650 ## - SUBJECT ADDED ENTRY--TOPICAL TERM | |
| Topical term or geographic name entry element | Ethics. |
| 650 ## - SUBJECT ADDED ENTRY--TOPICAL TERM | |
| Topical term or geographic name entry element | Moral philosophy. |
| 942 ## - ADDED ENTRY ELEMENTS (KOHA) | |
| Source of classification or shelving scheme | Dewey Decimal Classification |
| Koha item type | Books |
| Suppress in OPAC | No |
| Withdrawn status | Source of classification or shelving scheme | Damaged status | Not for loan | Home library | Current library | Date acquired | Source of acquisition | Cost, normal purchase price | Total checkouts | Full call number | Barcode | Date last seen | Price effective from | Koha item type | Public note |
|---|---|---|---|---|---|---|---|---|---|---|---|---|---|---|---|
| Dewey Decimal Classification | Buru Buru Library | Buru Buru Library | 02/23/2026 | PUR | 600.00 | 170 GIC | B225682 | 02/23/2026 | 02/23/2026 | Books | |||||
| Dewey Decimal Classification | Information Access | Information Access | 02/23/2026 | PUR | 600.00 | 170 GIC | B225597 | 02/23/2026 | 02/23/2026 | Books | |||||
| Dewey Decimal Classification | Nakuru Library | Nakuru Library | 02/23/2026 | PUR | 600.00 | 170 GIC | B225546 | 02/23/2026 | 02/23/2026 | Books | |||||
| Dewey Decimal Classification | Preservation, Conservation & Publication | Preservation, Conservation & Publication | 02/23/2026 | PUR | 600.00 | 170 GIC | B225739 | 02/23/2026 | 02/23/2026 | Books | Not for Loan |
